00806 a2200157 45000010006000000050017000060080041000230030015000640400040000790800065001192450046001842640075002303000020003055050297003251000026006225471220260407155822.0260407a1970 arg spa dAR-UNSa-BCEJYS aAR-UNSa-BCEJYSbspacAR-UNSa-BCEJYS a94(82):32xHistoria Política y Constitucional de Argentina10aEl comportamiento federal en la Argentina 1aBuenos Aires :bEUDEBA (Editorial Universitaria de Buenos Aires)c1970 a84 p.c18,5 cm. aI. El comportamiento federal en la Argentina - II. Provincia y nación: Relaciones de poder - III. Algo por hacer: La Ciudad Argentina - IV. El "modus vivendi" argentino de distribución de los ingresos nacionales entre las distintas esferas de gobierno - V. Las relaciones entre municipios1 aFrías, Pedro José